Normal view
MARC view
Entry Personal Name
001 - CONTROL NUMBER
- control field: 531685
003 - CONTROL NUMBER IDENTIFIER
- control field: OSt
005 - DATE AND TIME OF LATEST TRANSACTION
- control field: 20220930073513.0
008 - FIXED-LENGTH DATA ELEMENTS
- fixed length control field: 220930|| aca||aabn | a|a d
040 ## - CATALOGING SOURCE
- Original cataloging agency: OSt
- Transcribing agency: OSt
100 ## - HEADING--PERSONAL NAME
- Personal name: Shukla Rajat
670 ## - SOURCE DATA FOUND
- Source citation: Work cat.: (OSt)865111: Shukla Rajat, Study of hypothalamic - pituitary - adrenal axis function in critically ill patients, 1999
